Best player on the team - Statistics

General Stats
  • This quiz has been taken 10 times
  • The average score is 8 of 15
Answer Stats
NBA Team NBA Player % Correct
Boston Celtics Isaiah Thomas
78%
Clevland Cavaliers LeBron James
78%
Toronto Raptors DeMar DeRozan
67%
Chicago Bulls Jimmy Butler
67%
Washington Wizards John Wall
67%
Detroit Pistons Andre Drummond
56%
New York Knicks Carmelo Anthony
56%
Atlanta Hawks Dwight Howard
56%
Charlotte Hornets Kemba Walker
56%
Indiana Pacers Paul George
56%
Brooklyn Nets Brook Lopez
44%
Milwaukee Bucks Giannis Antetokounmpo
44%
Miami Heat Hassan Whiteside
33%
Orlando Magic Nikola Vucevic
11%
Philadelphia 76ers Jahlil Okafar
0%
No matching quizzes found
Score Distribution
Percent of People with Each Score
Percentile by Number Answered
Your Score History
You have not taken this quiz